| 000 | 00600nam a2200193 i 4500 | ||
|---|---|---|---|
| 001 | 124337 | ||
| 003 | ES-MaACL | ||
| 007 | t| | ||
| 008 | 070321s1927 sp ||||1| spa d | ||
| 100 | 1 |
_aMesser, August. _980681 |
|
| 245 | 1 | 0 |
_aFundamentos filosóficos de la Pedagogía / _cAugust Messer ; traducción de José Rovira y Ermengol. |
| 260 |
_aBarcelona : _bLabor, _c[1927] |
||
| 300 |
_a167 p. ; _c17 cm. |
||
| 490 | 1 |
_aColección Labor ; _v122 |
|
| 700 | 1 |
_aRovira y Ermengol, José. _9100159 |
|
| 830 | 0 | 0 |
_aColección Labor _v122 _9184254 |
| 852 |
_aES-MaACL _jE-2652 |
||
| 999 |
_c124337 _d124337 |
||